01686cam a22004334i 4500003000900000005001700009008004100026020001500067035002700082040003300109082001900142100002900161245011300190264004800303300006800351336002100419337002500440338002300465505053700488526001001025526001001035526000901045526000901054526000901063526000901072526000901081526000901090526000801099526000801107526000801115526000801123526000801131526000801139526000801147526000801155650002101163700003301184700003501217PE-LiUPU20250731180155.0150616s r 000 0 d a0070796637 a(Sirsi) i9780070796638 aPE-LiUPUbspacPE-LiUPUerda04a536.7bH792211 aHowell, John R.,eautor.10aPrincipios de Termodinámica para Ingeniería /cJohn R. Howell; Richard O. Buckius; Ileana Velasco Ayala. 1aMéxico D.F. :bLitografía Maico,c1990. a713 páginas :bilustraciones (gráficos) ;c23 centímetros atext2rdacontent aunmediated2rdamedia avolume2rdacarrier0 aEnergía y transferencia de energía.- Propiedades de sustancias usuales.- Primera ley de la termodinámica.- Entropía y segunda ley de la termodinámica.- Ciclos termodinámicos y sistemas energéticos usuales.- Análisis mediante la segunda ley de la termodinámica.- Relaciones generales entre propiedades y ecuaciones de estado.- Sistemas multicomponentes sin reacción química.- Reacciones químicas y combustión.- Equilibrio de fases y equilibrio químico.- Introducción a la termodinámica microscópica. aSEG44 aSEG26 aP159 aP155 aP154 aP153 aP150 aP100 aP31 aP30 aP26 aP25 aP24 aP22 aP15 aP1004aTermodinámica.1 aBuckius, Richard O.,eautor.1 aVelasco Ayala, Ileana,eautor.